|
|
|
|
| LEADER |
00000cam a2200000 a 4500 |
| 001 |
29658 |
| 003 |
CZ-ZlUTB |
| 005 |
20190825235750.0 |
| 008 |
050420s1984 xxk e 000 0 eng |
| 020 |
|
|
|a 0521278716
|q (brož.) :
|c Kč 669,00
|
| 040 |
|
|
|a PNA001
|b cze
|d ZLD002
|
| 072 |
|
7 |
|a 811.111
|x Angličtina
|2 Konspekt
|9 11
|
| 080 |
|
|
|a 81'24
|2 MRF
|
| 080 |
|
|
|a 37.02
|2 MRF
|
| 080 |
|
|
|a 811.111
|2 MRF
|
| 080 |
|
|
|a (072)
|2 MRF
|
| 100 |
1 |
|
|a Klippel, Friederike,
|d 1949-
|7 xx0047401
|4 aut
|
| 245 |
1 |
0 |
|a Keep talking :
|b communicative fluency activities for language teaching /
|c Friederike Klippel
|
| 260 |
|
|
|a Cambridge :
|b Cambridge University Press,
|c 1984
|
| 300 |
|
|
|a 202 s. :
|b il.
|
| 490 |
1 |
|
|a Cambridge handbooks for language teachers
|
| 504 |
|
|
|a Obsahuje bibliografii
|
| 650 |
0 |
7 |
|a angličtina
|7 ph114056
|2 czenas
|
| 650 |
0 |
7 |
|a konverzace
|7 ph166079
|2 czenas
|
| 650 |
0 |
7 |
|a jazyková výuka
|7 ph162894
|2 czenas
|
| 655 |
|
7 |
|a metodické příručky
|7 fd132826
|2 czenas
|
| 830 |
|
0 |
|a Cambridge handbooks for language teachers
|
| 910 |
|
|
|a ZLD002
|
| 952 |
|
|
|0 0
|1 0
|4 0
|6 8020KLIPPELF
|7 0
|8 BOOK
|9 71871
|a UTBZL
|b UTBZL
|c 020
|d 2007-01-12
|l 1
|m 2
|o 802.0/KLIPPEL,F.
|p 420010105138
|q 2028-12-21
|r 2019-08-25 00:00:00
|v 669.00
|w 2019-08-25
|x N:nákup | 20100531
|y 08
|
| 992 |
|
|
|a BK
|b NS
|d 1
|
| 999 |
|
|
|c 29658
|d 29658
|